000 00392nam a22001577a 4500
082 _a823
_bSHI/R
100 _aSHILPI
100 _aDEEPTI
245 _aRUMPELSTILTSKIN
_bCLASSIC FAIRY TALES
246 _aRUMPELSTILTSKIN
_bCLASSIC FAIRY TALES
260 _aDELHI
_bMY KIDS WORLD PUBLICATIONS
300 _a16
520 _aCLASSIC FAIRY TALES
650 _aCLASSIC FAIRY TALES
942 _cBK
999 _c2309
_d2309